000 01108cab a22001935a 4500
001 L148395
008 090914e20090904xxkdo 000 0 eng d
035 _a(Sirsi) u148395
041 0 _aeng
100 1 _aWhitmore, James
245 0 2 _aA note of confidence
260 _v2009
490 0 _aProperty Week
_v75(36) 4 September 2009, 22-24(3)
520 _aLloyds Banking Group's first quarterly property confidence survey concludes that the gloom might be starting to lift. Lloyds Banking Group is the biggest lender to UK property. The survey reflects the views of the small and medium-sized companies making up the top quartile of the commercial property market. The improved sentiment coincides with the release of data showing that the property market has bottomed and is poised for a gentle upturn. The survey indicates that housebuilding is expected to be the best-performing sector over the next three months. Charts cover the responses to the survey questions.
590 _aKA
651 4 _aUnited Kingdom
_y
690 _aPROPERTY-COMMERCIAL PROPERTY-COMMERCIAL PROPERTY MARKET
942 _n0
999 _c81818
_d81818